Statistics for Countries by Number of International Tourists

Click here to take the quiz!

General Stats

  • This quiz has been taken 55 times
  • The average score is 17 of 20

Answer Stats

Tourists in millAnswer% Correct
83.7France
100%
32.6United Kingdom
100%
48.5Italy
96%
55.6China
95%
32.9Germany
95%
75.0United States
95%
29.3Mexico
93%
32.4Russia
93%
64.9Spain
93%
18.2Canada
89%
13.9Japan
87%
24.8Thailand
84%
22.0Greece
82%
14.2Netherlands
80%
25.2Austria
75%
16.0South Korea
73%
39.8Turkey
73%
16.5Poland
71%
27.4Malaysia
56%
18.2Saudi Arabia
56%

Score Distribution

Percentile by Number Answered

Percent of People with Each Score

Your Score History

You have not taken this quiz